LEADER 00927nam a22002531i 4500 001 991001993729707536 005 20040115092915.0 008 040407s19uu it |||||||||||||||||ita 035 $ab12854621-39ule_inst 035 $aARCHE-083424$9ExL 040 $aDip.to Scienze Storiche$bita$cA.t.i. Arché s.c.r.l. Pandora Sicilia s.r.l. 082 04$a720.945 100 1 $aRosci, Marco$037924 245 10$aScamozzi Vincenzo /$cMarco Rosci 260 $aTorino :$bUTET,$c[19..] 300 $a1 v. ;$c25 cm 500 $aEstr. da: Grande dizionario enciclopedico, v. 11 600 14$aScamozzi, Vincenzo 907 $a.b12854621$b02-04-14$c16-04-04 912 $a991001993729707536 945 $aLE009 ARTE MISC. 46/4 (Fondo Bottari)$g1$iLE009-3521/4$lle009$o-$pE0.00$q-$rn$so $t0$u0$v0$w0$x0$y.i13414203$z16-04-04 996 $aScamozzi Vincenzo$9302009 997 $aUNISALENTO 998 $ale009$b16-04-04$cm$da $e-$fita$git $h0$i1